Estabilización económica controles de precios (Registro nro. 15114)
[ vista simple ]
| 000 -LEADER | |
|---|---|
| fixed length control field | 00358 a2200121 4500 |
| 001 - CONTROL NUMBER | |
| control field | ART_17811 |
| 005 - DATE AND TIME OF LATEST TRANSACTION | |
| control field | 20260410161700.0 |
| 008 - FIXED-LENGTH DATA ELEMENTS--GENERAL INFORMATION | |
| fixed length control field | 260409a |
| 100 1# - MAIN ENTRY--PERSONAL NAME | |
| Personal name | Fernández, Roque B. |
| 245 10 - TITLE STATEMENT | |
| Title | Estabilización económica controles de precios |
| 700 1# - ADDED ENTRY--PERSONAL NAME | |
| Personal name | Mantel, Rolf R. |
| 773 0# - HOST ITEM ENTRY | |
| Title | Ensayos Económicos |
| Related parts | - Nº 36 (dic. 1985) |
| Record control number | REV620 |
No hay ítems disponibles.